000 00952nam a2200253Ia 4500
001 20461
003 GE_BSU
008 181216s||||||||xx |||||||||||||| ||und||
020 _a99928-953-1-4
040 _cGE_BSU
080 _a81'1
100 _aსოსიური, ფერდინანდ დე
245 _aზოგადი ენათმეცნიერების კურსი
245 _cმთარგმნ.: ცისანა ბიბილეიშვილი ; რედ.: ბაქარ გიგინეიშვილი
260 _aთბილისი
260 _bდიოგენე
260 _c2002
300 _a237გვ. ; 20სმ.
541 _h7ლ.85თ.
653 _aზოგადი ენათმეცნიერება
653 _aზოგადი ენათმეცნიერების კურსი
653 _aქსეროქსი
942 _cBK
999 _c53418
_d53418